000 00686cam a2200253 4500
008 090401t1992 xxu||||| |||| 00| 0 eng d
020 _a1856090345
035 _a(Sirsi) u23713
041 _aeng
050 _a658.403
100 _aGordon, Alan
245 _aRisk and the business environment.
250 _a2nd ed.
260 _aLondon
_bWitherby and Co. Ltd.
_c1992
300 _aviii,170p. ; 22cm.
350 _a15
650 _aBUSINESS ENVIRONMENT
650 _aDECISION MAKING
650 _aRISK MANAGEMENT
690 _aMANAGEMENT-BUSINESS MANAGEMENT-PROFESSIONAL PRACTICE
710 _aInstitute of Risk Management
_91091
942 _n0
948 _c04/03/1997
999 _c88436
_d88436